000 00427nam a22001457a 4500
005 20251108170859.0
008 250721s9999 xx 000 0 ara d
082 1 4 _aط/385/ناف
245 1 0 _aنافذة على عالم المواصلات /
264 1 _aالقاهرة :
_bدار المعارف للطبعة العربية،
_c[19-].
300 _aج
650 1 7 _aالمواصلات
942 _2ddc
_cBK
999 _c51210
_d51210